Los partidos políticos y la prensa escrita

En este artículo se ofrece una aproximación a las ideas que llegaron a los lectores de los periódicos salvadoreños más importantes como El Diario de Hoy y La Prensa Gráfica, durante la cobertura del 24 de setiembre al 7 de ocutbre. Se hizo una revisión de la cobertura periodística sobre temas como l...

पूर्ण विवरण

में बचाया:
ग्रंथसूची विवरण
स्वरूप: मूलपाठ
विषय:
टैग: टैग जोड़ें
कोई टैग नहीं, इस रिकॉर्ड को टैग करने वाले पहले व्यक्ति बनें!

MARC

LEADER 00000 a a2200000 04500
001 6529
003
040
245 |a Los partidos políticos y la prensa escrita  
520 |a En este artículo se ofrece una aproximación a las ideas que llegaron a los lectores de los periódicos salvadoreños más importantes como El Diario de Hoy y La Prensa Gráfica, durante la cobertura del 24 de setiembre al 7 de ocutbre. Se hizo una revisión de la cobertura periodística sobre temas como la definición del partido dominante ARENA en relación con la elección del nuevo Comité Ejecutivo Nacional   |a mientras que el partido FMLN se vio sacudido por rumores de su supuesto apoyo a los ataques terroristas contra Estados Unidos y luego por la expulsión de uno de sus líderes partidarios, Facundo Guardado. Se ofrecen los resultados de este análisis. /MSD  
650 |a PARTIDOS POLITICOS  
650 |a PRENSA ESCRITA  
650 |a INVESTIGACION SOBRE LA COMUNICACION  
650 |a PERIODISMO  
773 |g volumen 22, número 971; páginas 11-13  
999 |c 28703  |d 28703